000 01008nam a22003377a 4500
001 0024237
003 KOHA_MİRAKIL
005 20260207002434.0
007 ta
008 130903b2007 tu a|||gr||||#0|||0|tur |
020 _a9786053950325
_cTL21,6
040 _aTR-BiSEU
_btur
_cTR-BiSEU
_erda
041 0 _atur
044 _ctu
050 _aHB139
_b.K88 2007
100 1 _aKutlar, Aziz.
245 1 _aEkonometriye giriş/
_cAziz Kutlar ; Aziz Kutlar.
264 1 _aAnkara :
_bNobel Yayın Dağıtım
_c2007
300 _a433 sayfa: grafik, tablo; 24 cm.
336 _ametin
_btxt
_2rdacontent
337 _aaracısız
_bn
_2rdamedia
338 _acilt
_bnc
_2rdacarrier
490 1 _aNobel Yayın No ;
_v1236.
490 1 _aİktisadi ve İdari Bilimler Dizisi ;
_v205
500 _aKaynakça var.
650 0 _aEkonometri.
_91717
830 1 _aNobel Yayın No ;
_v1236.
_91595
830 1 _aİktisadi ve İdari Bilimler Dizisi ;
_v205
_949608
907 _aOkuma Kitabı
942 _2lcc
_cBK
999 _c24190
_d24190